Bouncing and bending light

Bibliographic Details
Main Author: Taylor, Barbara
Format: Book
Published: London : Watts Book , 1989
Series:Science starters
Subjects:

MARC

LEADER 00000cam a2200000 7i4500
001 0000004258
002 000004577
005 20071224.0
020 |a 0863138837 
090 0 0 |a 500   |b SCI 
100 1 |a Taylor, Barbara 
245 1 0 |a Bouncing and bending light   |c Barbara Taylor ; photographs by Peter Millard 
260 |a London :   |b Watts Book ,   |c 1989 
300 |a 32p. ;   |c 26cm. 
490 0 |a Science starters 
650 0 0 |a Light   |x Juvenile literature 
999 |a 037363   |b BUKU   |c JUNIOR BOOKS   |e PERPUSTAKAAN KOMUNITI PETALING JAYA